Base de datos de estaciones y de acelerogramas del Laboratorio de Ingeniería Sísmica
Uloženo v:
| Hlavní autor: | |
|---|---|
| Další autoři: | |
| Médium: | Kniha |
| Vydáno: |
[San José, Costa Rica] : Universidad de Costa Rica, Facultad de Ingeniería, Instituto de Investigaciones en Ingeniería, Laboratorio de Ingeniería Sísmica
2000
|
| Tagy: |
Přidat tag
Žádné tagy, Buďte první, kdo vytvoří štítek k tomuto záznamu!
|
MARC
| LEADER | 00000nam a2200000Ia 4500 | ||
|---|---|---|---|
| 003 | PI0110 | ||
| 005 | 20240425134406.0 | ||
| 008 | 140116s2000 c a m 000 ||s d | ||
| 040 | |c cru CEDI | ||
| 090 | |a PI-110 | ||
| 100 | |a Schmidt Díaz, Víctor, 1965- |9 1714 | ||
| 245 | |a Base de datos de estaciones y de acelerogramas del Laboratorio de Ingeniería Sísmica | ||
| 260 | |a [San José, Costa Rica] : Universidad de Costa Rica, Facultad de Ingeniería, Instituto de Investigaciones en Ingeniería, Laboratorio de Ingeniería Sísmica |c 2000 | ||
| 500 | |a Informe de actividad, No. 731-97-296 | ||
| 700 | |9 17180 |a Moya Fernández, César Aaron | ||
| 942 | |c PI |h PI-110 |i PI0110 |6 PI_110_PI0110 | ||
| 999 | |c 13254 |d 13254 | ||
